Insecticide herbicide fungicide quick guide (Record no. 38992)

MARC details
000 -LEADER
fixed length control field 00400nam a2200157Ia 4500
082 ## - DEWEY DECIMAL CLASSIFICATION NUMBER
Classification number 632.951(036)
Item number PAG
100 ## - MAIN ENTRY--AUTHOR NAME
Personal name Page, B G
245 #0 - TITLE STATEMENT
Title Insecticide herbicide fungicide quick guide
260 ## - PUBLICATION, DISTRIBUTION, ETC. (IMPRINT)
Place of publication California
Name of publisher Thomson
Year of publication 1985
650 ## - SUBJECT ADDED ENTRY--TOPICAL TERM
Topical Term Fungicide
650 ## - SUBJECT ADDED ENTRY--TOPICAL TERM
Topical Term Herbicides
650 ## - SUBJECT ADDED ENTRY--TOPICAL TERM
Topical Term Insecticide
700 ## - ADDED ENTRY--PERSONAL NAME
Personal name Thomson, W T
942 ## - ADDED ENTRY ELEMENTS (KOHA)
Koha item type Books
Holdings
Withdrawn status Lost status Damaged status Not for loan Home library Current library Date acquired Full call number Accession Number Koha item type
        RRII Library RRII Library 16/12/2021 632.951(036) PAG 19340 Books